000 01202nam a2200325 a 4500
001 vtls001100754
003 NLI
005 20210603113541.0
008 120324n ii 001 0 ben
020 _cRs. 8.00
039 9 _y201203241924
_zVLOAD
040 _aNLI
_bbeneng
_cDatasoft_Bengali
_eAACR2
041 0 _aben
044 _a ii
082 0 4 _a 793.30954
100 1 _6880-01
_aঅধিকারী, শুভদ্রা
_9739
245 1 0 _6880-02
_aভারতীয় নৃত্যকলা /
_cশুভদ্রা অধিকারী
260 _aকলাকাতা :
_bকরুণা প্রকাশনী,
_c[n.d.]
300 _a107 p. :
_bills ;
_c22 cm.
504 _aIncludes bibliographical references and index
650 0 _aDance
_zIndia
_95722
880 1 _6100-01(B
_aAdhikārī, Śubhadrā
880 1 0 _6245-02(B
_aBhāratīya nṛtyakalā /
_cŚubhadrā Adhikārī
887 _a Dipankar Mal 08.08.11 (Sibdas Pal 10.10.11)
901 _a35305
_b08.03.1979
902 _aB 793.30954 A 5673 bh
904 _cDipankar Mal 08.08.11 (Sibdas Pal 10.10.11)
_lB 12999
942 _2ddc
_cBKS
949 _AVIRTUAITEM
_D10000
_X100
_6DBA000035305BEN
999 _aVIRTUA40
_c374635
_d374635